| 000 | 00327 a2200133 4500 | ||
|---|---|---|---|
| 999 |
_c325046 _d325046 |
||
| 001 | 89973 | ||
| 003 | NUST | ||
| 005 | 20180124144746.0 | ||
| 008 | 180124b xxu||||| |||| 00| 0 eng d | ||
| 082 | _a954.9204 SID | ||
| 100 |
_aSiddiq Salik _99739 |
||
| 245 |
_aMain Nay Dhaka Doobtay Dekha _hUrdu |
||
| 260 |
_aLahore _bAl-faisal Nashran _c2013 |
||
| 300 | _a288p. | ||
| 500 | _aGeneral Books | ||
| 942 |
_aCAE NUST _cBK _k954.9204 SID _2ddc |
||